LEADER 01708nam a2200337 u 4500 001 000000016213 003 CaOOAMICUS 005 20070226105952.0 008 940513s1962 sz fh u000 u lat u 035 $a10380116 040 $aBNG$bita$cBNG$dm.c.$dPUL(R) 041 0 $alat$ager 110 2 $aCatholic Church.$0(OLS)http://pul/name/5719 245 14$aDas Kollektar-Pontifikale des Bischofs Baturich von Regensburg (817-848) :$b(Cod. Vindob. ser. n. 2762) /$cFranz Unterkircher ; mit einer Liturgiegeschichtlichen Untersuchung von Klaus Gamber. 260 $aFreiburg, Schweiz :$bUniversitätsverlag,$c1962. 300 $avi, 193 p., 4 leaves of plates :$bfacsims. ;$c25 cm 490 1 $aSpicilegium Friburgense ;$v8 500 $aIncludes indexes. 500 $aLatin text, with introductory material in German. 504 $aBibliography: p. [ix]-x. 700 0 $aBaturich,$cBp. of Ratisbon,$d817-848.$0(OLS)http://pul/name/14775 700 1 $aUnterkircher, Franz,$d1904-$0(OLS)http://pul/name/14776 710 22$aÖsterreichische Nationalbibliothek.$0(OLS)http://pul/name/14778 710 22$aCatholic Church.$tPontifical.$0(OLS)http://pul/name/14777 830 0$aSpicilegium Friburgense ;$v8.$0(OLS)http://pul/title/22241 850 $aPUL 852 $aPUL$W1$xSL Religione 2$y84$mTheol A7 8$j22850$nBK-PRI$b $qStampati altre collocazioni$B22850$CPULBib$Z2$F22850 $H $81 941 1 $a10 961 $aINV: 28849 996 $6245$aDas Kollektar-Pontifikale des Bischofs Baturich von Regensburg (817-848) :$b(Cod. Vindob. ser. n. 2762)$9(OLS)http://pul/title/23150 996 $6260$aFreiburg, Schweiz :$bUniversitätsverlag$9(OLS)http://pul/publisher/48308 LEADER 01374nam a2200325 a 4500 001 000000150722 003 CaOOAMICUS 005 20160322113346.0 008 160322s2016 it u000 u ita r 020 $a978-88-10-56720-3* 032 $aLibriCat 040 $aPUL$bita 082 04$a261.5 100 1 $aViganò, Dario Edoardo,$csacerdote,$d1962-$0(OLS)http://pul/name/38000 245 13$aIl brusio del pettegolo :$bforme del discredito nella società e nella Chiesa /$cDario Edoardo Viganò. 260 $aBologna :$bEDB,$c©2016. 300 $a74 p. ;$c17 cm. 490 1 $aLampi 610 24$aChiesa cattolica$xComunicazione.$0(OLS)http://pul/subject/43218 650 4$aMass media e religione.$0(OLS)http://pul/subject/19308 650 4$aPettegolezzo.$0(OLS)http://pul/subject/43217 830 0$aLampi.$0(OLS)http://pul/title/182074 850 $aPUL 852 $aPUL$W1$xSL Religione 3$y85$m261. 5 VIGDA 1$j173218$qDDC 21$B175310$CPULBib$Z2$F175310 $H127526 $81 941 1 $a9 996 $6020$a978-88-10-56720-3*$9(OLS)http://pul/number/160135 996 $6082$a261.5$9(OLS)http://pul/classification/417 996 $6245$aIl brusio del pettegolo :$bforme del discredito nella società e nella Chiesa$9(OLS)http://pul/title/189880 996 $6260$aBologna :$bEDB$9(OLS)http://pul/publisher/56073